00618nam a22002177a 450000500170000001000130001702000110003003500130004103700160005404000120007008200130008210000150009524500780011026000350018827000670022330000270029065000220031765000270033970000180036670000160038420170124110202.0 aB-036302 c225.00 aB-036302 bCen Lib/Ret aDPLbEN a000bDHA aDhawan, V. aIIIT :cby V. Dhawan, B.R. Kishore [and] R.S. Arora bhyderabad/gwalior / aAcademic publishersbNew Delhi bNew DelhiaB-9, Ratan jyoti building 18 Rajendra palcee110008 avarious pagings c23cm aComputer science  aInformation technology aKishore, B.R. aArora, R.S.